| 000 | 00514nam a2200217 454500 | ||
|---|---|---|---|
| 001 | 046564 | ||
| 003 | BD-ChCU | ||
| 008 | Eng | ||
| 020 | _ax | ||
| 040 |
_aDLC _cDLC _dBD-ChCU |
||
| 082 | 0 | 0 | _a181.4/M214c |
| 100 | 1 |
_aMahadevan, T.M.P. _bSaroja, G.V. |
|
| 245 | 1 | 0 |
_aContemporary Indian philosophy _bx |
| 250 | _a2 | ||
| 260 |
_aNew Delhi _bSterling Pub. _c1983 |
||
| 300 | _aviii, 282 | ||
| 504 | _aIncludes | ||
| 650 | 0 |
_aPhilosophy, Indian _bPhilosophy, Indian |
|
| 700 | 1 | _ax | |
| 942 |
_2ddc _cBK |
||
| 999 |
_c46564 _d46564 |
||